[Event "IND-ch U19"]
[Site "Ahmedabad"]
[Date "2023.09.21"]
[Round "2"]
[White "Manish, Anto Cristiano F"]
[Black "Sathwik, DSSU"]
[Result "1-0"]
[WhiteElo "2372"]
[BlackElo "1690"]
[PlyCount "107"]
[EventDate "2023.09.20"]
[EventType "swiss"]
[EventRounds "11"]
[EventCountry "IND"]
[SourceTitle "EXT 2024"]
[Source "ChessBase"]
[SourceDate "2023.10.10"]
[SourceVersion "1"]
[SourceVersionDate "2023.10.10"]
[SourceQuality "1"]

1. c4 c6 2. Nf3 d5 3. e3 Nf6 4. b3 Bg4 5. Bb2 Nbd7 6. Be2 Bxf3 7. Bxf3 e5 8. cxd5 cxd5 9. Nc3 e4 10. Be2 Bd6 11. d3 Rc8 12. Rc1 Be5 13. 0-0 0-0 14. Qd2 exd3 15. Bxd3 Nc5 16. Bf5 Ne6 17. Ne2 Qd6 18. Ng3 g6 19. Bb1 Rfd8 20. Rcd1 h5 21. Bxe5 Qxe5 22. f4 Qc3 23. Qxc3 Rxc3 24. f5 gxf5 25. Rxf5 Ng4 26. Rxh5 Nxe3 27. Re1 Nxg2 28. Rxe6 Nf4 29. Rg5+ Kf8 30. Rh6 Rc1+ 31. Kf2 Rxb1 32. Nf5 Ng6 33. h4 Ke8 34. h5 Ne7 35. Nd6+ Kd7 36. Nxf7 Rf8 37. Rf6 Ng8 38. Rf3 Rb2+ 39. Kg3 Rxa2 40. Rg7 Ra3 41. Ng5+ Ke8 42. Rc3 Ne7 43. Re3 Rxb3 44. Rgxe7+ Kd8 45. Rxb3 Kxe7 46. Rxb7+ Kd6 47. h6 a5 48. h7 Kc6 49. Rg7 Rh8 50. Nf7 Rxh7 51. Rxh7 Kc5 52. Ne5 a4 53. Ra7 Kb4 54. Nd3+ 1-0

[Event "IND-ch U15 47th"]
[Site "New Delhi"]
[Date "2022.12.01"]
[Round "6"]
[White "Sathwik, DSSU"]
[Black "Dhruva, Thota"]
[Result "0-1"]
[WhiteElo "1565"]
[BlackElo "1729"]
[PlyCount "94"]
[EventDate "2022.11.28"]
[EventType "swiss"]
[EventRounds "11"]
[EventCountry "IND"]
[SourceTitle "CBM 211 Extra"]
[Source "ChessBase"]
[SourceDate "2023.01.31"]
[SourceVersion "1"]
[SourceVersionDate "2023.01.31"]
[SourceQuality "1"]

1. e4 c5 2. Nf3 d6 3. d4 cxd4 4. Nxd4 Nf6 5. Nc3 a6 6. Be2 e5 7. Nb3 Be7 8. Be3 Be6 9. Qd2 Nbd7 10. f3 b5 11. 0-0 0-0 12. Rfd1 Nb6 13. Bxb6 Qxb6+ 14. Kh1 Rfc8 15. a3 Ra7 16. Rac1 Rac7 17. Nd5 Nxd5 18. exd5 Bf5 19. Bd3 Bxd3 20. Qxd3 Bg5 21. Nd2 Qd4 22. Qxd4 exd4 23. g3 Be3 24. f4 f5 25. h3 Kf7 26. c3 dxc3 27. Rxc3 Rxc3 28. bxc3 Rxc3 29. Nf3 Rc1 30. Re1 Bd2 31. Rxc1 Bxc1 32. Nd4 Bxa3 33. Nxf5 Bc5 34. Nh4 a5 35. Nf3 a4 36. Nd2 a3 37. Nb3 a2 38. Kg2 Bd4 39. Kf3 a1Q 40. Nxa1 Bxa1 41. Ke4 b4 42. Kd3 b3 43. g4 Kf6 44. h4 Bd4 45. h5 Be3 46. g5+ Kf5 47. g6 hxg6 0-1

[Event "IND-ch U15 47th"]
[Site "New Delhi"]
[Date "2022.11.29"]
[Round "3"]
[White "Aswath, S."]
[Black "Sathwik, DSSU"]
[Result "1-0"]
[WhiteElo "2186"]
[BlackElo "1565"]
[PlyCount "122"]
[EventDate "2022.11.28"]
[EventType "swiss"]
[EventRounds "11"]
[EventCountry "IND"]
[SourceTitle "CBM 211 Extra"]
[Source "ChessBase"]
[SourceDate "2023.01.31"]
[SourceVersion "1"]
[SourceVersionDate "2023.01.31"]
[SourceQuality "1"]

1. e4 e6 2. d4 d5 3. Nd2 Nf6 4. e5 Nfd7 5. Bd3 c5 6. c3 Nc6 7. Ne2 cxd4 8. cxd4 f6 9. Nf4 Nxd4 10. Qh5+ Ke7 11. Ng6+ hxg6 12. exf6+ Nxf6 13. Qxh8 Kf7 14. 0-0 e5 15. Nb3 Nf5 16. Bg5 Be6 17. Rac1 e4 18. Be2 Bd6 19. Qxd8 Rb8 20. Qc8 Rxc8 21. f3 Rh8 22. g3 Be5 23. fxe4 dxe4 24. Bf4 Nd4 25. Bd1 Bxf4 26. Rxf4 Bxb3 27. Rc7+ Ke6 28. axb3 Nd5 29. Rxe4+ Kf5 30. Rxd4 Nxc7 31. Bg4+ Kf6 32. Rd7 Nb5 33. Be2 a6 34. Rxb7 Nd4 35. Bxa6 g5 36. Kg2 g4 37. Rb6+ Ke5 38. Rg6 Nf5 39. Kg1 Rd8 40. Be2 Rd2 41. Bxg4 Nd4 42. Rxg7 Rxb2 43. h4 Rxb3 44. Kg2 Kf6 45. Rg8 Nc6 46. h5 Ne5 47. Kh3 Rb1 48. Be2 Rh1+ 49. Kg2 Re1 50. Bf1 Kf7 51. Rc8 Rb1 52. h6 Rb2+ 53. Kh3 Kg6 54. Rc5 Nf3 55. Rc6+ Kg5 56. g4 Rb3 57. Bc4 Re3 58. h7 Ne5+ 59. Kg2 Nxc6 60. h8Q Ne5 61. Qh5+ Kf6 1-0